Supply-side portfolio strategies /

Bibliographic Details
Other Authors: Canto, Victor A., Laffer, Arthur B.
Format: Book
Language:English
Published: Westport, Conn. : Quorum Books, 1988.
Subjects:

MARC

Tag First Indicator Second Indicator Subfields
LEADER 00000cam a2200000 a 4500
001 in00000016421
005 20151007052753.0
008 870526s1988 ctua b 00100 eng
010 |a  87013091  
020 |a 0899302866 (lib. bdg. : alk. paper) 
035 |a (OCoLC)16081684 
035 |9 AAA9109AM 
040 |a DLC  |c DLC  |d TXA  |d UtOrBLW 
049 |a TXAM  |c [A11464743] 
050 0 0 |a HG4910  |b .S775 1988 
082 0 |a 332.6/0973  |2 19 
245 0 0 |a Supply-side portfolio strategies /  |c edited by Victor A. Canto and Arthur B. Laffer. 
264 1 |a Westport, Conn. :  |b Quorum Books,  |c 1988. 
300 |a xii, 180 pages :  |b illustrations ;  |c 25 cm. 
336 |a text  |b txt  |2 rdacontent 
337 |a unmediated  |b n  |2 rdamedia 
338 |a volume  |b nc  |2 rdacarrier 
504 |a Includes bibliographies and index. 
650 0 |a Investments  |z United States. 
650 0 |a Portfolio management  |z United States. 
650 0 |a Supply-side economics  |z United States. 
700 1 |a Canto, Victor A. 
700 1 |a Laffer, Arthur B. 
999 |a MARS 
999 f f |s d886ee1b-12aa-3445-8751-0ad1b1c5fc2d  |i 87b4f644-90ea-3f2e-80f3-83b77dc4eb26  |t 0 
952 f f |p ric  |a Texas A&M University  |b Rellis Campus  |c Joint Library Facility  |d Remote Storage  |t 0  |e HG4910 .S775 1988  |h Library of Congress classification  |i unmediated -- volume  |m A14811464743 
998 f f |a HG4910 .S775 1988  |t 0  |l Remote Storage